Komentár k novele zákona NR SR č.274/1994 Z.z. o Sociálnej poisťovni
Komentár k novele zákona NR SR č.274/1994 Z.z. o Sociálnej poisťovni. Komentár obsahuje rad ustanovení, ktorými sa dopĺňajú resp. upresňujú niektoré ustanovenia zákona.
Salvato in:
| Autore principale: | |
|---|---|
| Natura: | Capitolo di libro |
| Lingua: | slovacco |
| Soggetti: | |
| Tags: |
Nessun Tag, puoi essere il primo ad aggiungerne!!
|
MARC
| LEADER | 00000naa a2200000 4500 | ||
|---|---|---|---|
| 001 | r017449 | ||
| 005 | 20221213100235.3 | ||
| 041 | 0 | |a slo | |
| 044 | |a SK | ||
| 245 | 1 | 0 | |a Komentár k novele zákona NR SR č.274/1994 Z.z. o Sociálnej poisťovni |c Peter Rusiňák |
| 520 | |a Komentár k novele zákona NR SR č.274/1994 Z.z. o Sociálnej poisťovni. Komentár obsahuje rad ustanovení, ktorými sa dopĺňajú resp. upresňujú niektoré ustanovenia zákona. | ||
| 610 | 2 | 0 | |a zákony |
| 610 | 2 | 0 | |a Slovensko |
| 610 | 2 | 0 | |a 1994 |
| 610 | 2 | 0 | |a Sociálna poisťovňa, a.s. Bratislava |
| 610 | 2 | 0 | |a komentáre |
| 100 | 1 | |a Rusiňák, Peter | |